[Event "OPEN INER 2022"]
[Site "salle des fÃªtes de Saint Denis"]
[Date "2022.10.13"]
[Round "1.1"]
[White "Lutard, Florian"]
[Black "Hoarau, Antoine"]
[Result "1-0"]
[WhiteElo "2045"]
[BlackElo "1246"]
[PlyCount "109"]
[EventDate "2022.??.??"]
[WhiteTeam "La Tour Saint Pierroise"]
[BlackTeam "Club Echiquier du Nord"]

1. c4 Nf6 2. Nc3 g6 3. e4 d6 4. d4 Bg7 5. Nf3 O-O 6. Be2 e5 7. O-O Nbd7 8. Qc2
a5 9. Rd1 Qe7 10. Rb1 exd4 11. Nxd4 Nc5 12. f3 Bd7 13. Ndb5 Rfc8 14. Be3 b6 15.
Kh1 Ra6 16. b3 Raa8 17. a3 Nb7 18. Qd2 Kh8 19. Bf1 Kg8 20. Bg5 Qf8 21. e5 Nh5
22. Nd5 f6 23. exf6 Bxf6 24. Nxf6+ Nxf6 25. Bxf6 Qxf6 26. Qd5+ Be6 27. Qxb7
Rab8 28. Qc6 Bf5 29. Bd3 Bxd3 30. Rxd3 Qf5 31. Qd5+ Qxd5 32. cxd5 Rb7 33. Rc1
Rbb8 34. Kg1 Kg7 35. Rdc3 Kf6 36. f4 Ke7 37. Rxc7+ Kd8 38. Rxc8+ Rxc8 39. Rxc8+
Kxc8 40. Nxd6+ Kd7 41. Ne4 Ke7 42. d6+ Kd7 43. g4 Ke6 44. f5+ gxf5 45. gxf5+
Kf7 46. f6 Ke8 47. Kf2 b5 48. Ke3 h6 49. Kd4 h5 50. Kd5 h4 51. Ke6 a4 52. f7+
Kf8 53. Kf6 axb3 54. Ng5 b2 55. Ne6# 1-0

[Event "OPEN INER 2022"]
[Site "salle des fÃªtes de Saint Denis"]
[Date "2022.10.13"]
[Round "1.2"]
[White "Sandjivy, Jean Marc"]
[Black "Larmet, Nino"]
[Result "0-1"]
[WhiteElo "1222"]
[BlackElo "2023"]
[PlyCount "58"]
[EventDate "2022.??.??"]
[WhiteTeam "Club d'Echecs Labourdonnais"]
[BlackTeam "Echiquier de l'Ouest Saint-Paul"]

1. c4 e5 2. Nc3 Nc6 3. e3 g6 4. Nf3 Bg7 5. d4 d6 6. Be2 f5 7. O-O Nf6 8. a3 O-O
9. b4 e4 10. Nd2 d5 11. cxd5 Ne7 12. Bc4 Nexd5 13. Nxd5 Nxd5 14. Qb3 c6 15. Bb2
a6 16. Rab1 Be6 17. a4 b5 18. Bxd5 Bxd5 19. Qc2 g5 20. f3 exf3 21. Nxf3 Qe7 22.
Bc1 g4 23. Nd2 Qxe3+ 24. Kh1 Qe2 25. Rg1 Bxd4 26. Bb2 Bxb2 27. Qxb2 Rad8 28.
axb5 axb5 29. Rbe1 Bxg2+ 0-1

[Event "OPEN INER 2022"]
[Site "salle des fÃªtes de Saint Denis"]
[Date "2022.10.13"]
[Round "1.3"]
[White "Mezouaghi, Miloud"]
[Black "Fondrat, Thierry"]
[Result "1-0"]
[WhiteElo "1987"]
[BlackElo "1217"]
[Annotator "Portable,LRE"]
[PlyCount "15"]
[EventDate "2022.??.??"]
[WhiteTeam "Echiquier du Lagon - EDL"]
[BlackTeam "Club d'Echecs Labourdonnais"]

1. d4 Nf6 2. c4 g6 3. Nc3 Bg7 4. e4 d6 5. h3 O-O 6. Nf3 e5 7. d5 Nbd7 8. g4 (8.
Bd3 Nc5 9. Bc2 a5 10. Be3 Nfd7 11. g4 f6 12. Rg1 Rf7 13. b3 Bf8 14. Rb1 b6 (
14... c6 15. a3 cxd5 16. Nxd5 Ne6 17. h4 h6 18. g5 h5 19. gxf6 Kh7 20. Ng5+
Nxg5 21. hxg5 Rb8 22. a4 b6 23. Rh1 Nc5 24. Rxh5+ Kg8 25. Rh4 Rbb7 26. Kd2 Rh7
27. Rxh7 Rxh7 28. Qf3 Rh3 29. Qg2 Be6 30. Rh1 Rxh1 31. Qxh1 Bf7 32. Kc3 Be6 33.
f4 Nd7 34. f5 Bf7 35. fxg6 (35. Bd1 Nc5 36. fxg6 (36. Bg4 Nd7 37. fxg6 Bxg6 38.
Be6+ Bf7 39. Bf5 Qe8 40. Qh7#) 36... Bxg6) 35... Bxg6) 15. a3) 1-0

[Event "OPEN INER 2022"]
[Site "salle des fÃªtes de Saint Denis"]
[Date "2022.10.13"]
[Round "1.4"]
[White "Bonin, Malo"]
[Black "Hamon, Christian"]
[Result "0-1"]
[WhiteElo "1199"]
[BlackElo "1956"]
[PlyCount "73"]
[EventDate "2022.??.??"]
[WhiteTeam "Club Echiquier du Nord"]
[BlackTeam "Club d'Echecs Labourdonnais"]

1. d4 Nf6 2. Bf4 d5 3. Nf3 c5 4. c3 e6 5. e3 Nc6 6. Nbd2 Be7 7. h3 a6 8. b3 b5
9. c4 bxc4 10. bxc4 cxd4 11. exd4 dxc4 12. Bxc4 Nxd4 13. Nb3 Nxf3+ 14. Qxf3 Bd7
15. O-O O-O 16. Qb7 Qc8 17. Qxc8 Rfxc8 18. Rac1 Ba3 19. Rc2 Bb5 20. Na5 Bb4 21.
Rb1 Bxa5 22. Bxb5 Rxc2 23. Bxa6 Bc7 24. Bd3 Rc3 25. Bxc7 Rxd3 26. Bb8 h5 27.
Be5 Nd7 28. Bf4 Rxa2 29. Rb7 e5 30. Be3 f5 31. Rc7 f4 32. Bc5 Rc2 33. Rc8+ Kh7
34. Rd8 Rxc5 35. Kh2 e4 36. Ra8 e3 37. fxe3 0-1

[Event "OPEN INER 2022"]
[Site "salle des fÃªtes de Saint Denis"]
[Date "2022.10.13"]
[Round "1.5"]
[White "Triton, Maxime"]
[Black "Cheung, Gerard"]
[Result "1-0"]
[WhiteElo "1888"]
[BlackElo "1199"]
[PlyCount "79"]
[EventDate "2022.??.??"]
[WhiteTeam "Echiquier de l'Ouest Saint-Paul"]
[BlackTeam "Club Echiquier du Nord"]

1. e4 c5 2. Nf3 e6 3. b3 a6 4. Bb2 Nc6 5. d4 d5 6. exd5 Nxd4 7. Nxd4 cxd4 8.
Qxd4 exd5 9. Nc3 Nf6 10. Be2 Be6 11. O-O Rc8 12. Bf3 Bc5 13. Qd3 Qc7 14. Nxd5
Bxd5 15. Bxd5 Rd8 16. Bxf6 gxf6 17. Qf5 Bd4 18. Rad1 Be5 19. Qe4 Kf8 20. g3 h5
21. Qb4+ Kg7 22. Qxb7 Rd7 23. Qxc7 Rxc7 24. c4 f5 25. Rfe1 f6 26. f4 Bc3 27.
Re6 a5 28. h4 Ra7 29. Bf3 Kh6 30. Rd3 Bb2 31. Rd2 Bc3 32. Rd3 Bb2 33. Rd5 Kg6
34. Bd1 Ba3 35. Bc2 Rf8 36. Rxf5 Kg7 37. Rxh5 Re7 38. Rxe7+ Bxe7 39. Rh7+ Kg8
40. Rxe7 1-0

[Event "OPEN INER 2022"]
[Site "salle des fÃªtes de Saint Denis"]
[Date "2022.10.13"]
[Round "1.6"]
[White "Daoudjee, Hishame"]
[Black "Riviere, Etienne"]
[Result "0-1"]
[WhiteElo "1199"]
[BlackElo "1886"]
[PlyCount "42"]
[EventDate "2022.??.??"]
[WhiteTeam "Maison des Jeunes et de la Culture de St Beno"]
[BlackTeam "C.E. de L'Etang Sale"]

1. e4 c5 2. Nf3 d6 3. Bc4 Nf6 4. Ng5 e6 5. O-O Nc6 6. Re1 Be7 7. d3 O-O 8. Nc3
d5 9. e5 Nd7 10. Bb5 Bxg5 11. b3 Ndxe5 12. Ba3 b6 13. Ne2 Qd6 14. f4 Ng4 15.
fxg5 Qxh2+ 16. Kf1 Ne3+ 17. Kf2 Qxg2+ 18. Kxe3 d4+ 19. Nxd4 cxd4+ 20. Kf4 Qf2+
21. Ke4 Qf5# 0-1

[Event "OPEN INER 2022"]
[Site "salle des fÃªtes de Saint Denis"]
[Date "2022.10.13"]
[Round "1.7"]
[White "Lallemand, Philippe"]
[Black "Hichari, Lotfi"]
[Result "1-0"]
[WhiteElo "1840"]
[BlackElo "1199"]
[PlyCount "47"]
[EventDate "2022.??.??"]
[WhiteTeam "Les Roys de l'Est"]
[BlackTeam "Echiquier de l'Ouest Saint-Paul"]

1. d4 Nf6 2. c4 c5 3. e3 e6 4. Nf3 Nc6 5. Nc3 b6 6. dxc5 Bxc5 7. Bd3 d5 8. Qa4
Bd7 9. Qd1 Na5 10. cxd5 Nxd5 11. Bd2 Nb4 12. Be4 Bc6 13. Bxc6+ Naxc6 14. O-O
O-O 15. a3 Nd3 16. Qc2 Nde5 17. Nxe5 Nxe5 18. Ne4 Rc8 19. Bc3 Ng6 20. Rfd1 Qe7
21. Qa4 f5 22. Rd7 Qh4 23. Rxg7+ Kh8 24. Rxg6+ 1-0

[Event "OPEN INER 2022"]
[Site "salle des fÃªtes de Saint Denis"]
[Date "2022.10.13"]
[Round "1.8"]
[White "Lallemand, Eric"]
[Black "Jotee, Ashvin"]
[Result "1-0"]
[WhiteElo "1199"]
[BlackElo "1815"]
[PlyCount "89"]
[EventDate "2022.??.??"]
[WhiteTeam "Les Roys de l'Est"]
[BlackTeam "b4 Chess Club"]

1. e4 e6 2. b3 d5 3. exd5 exd5 4. d4 Nf6 5. Bd3 Bg4 6. f3 Bh5 7. Bb2 Bb4+ 8. c3
Be7 9. Ne2 Bg6 10. Bb5+ c6 11. Bd3 Qc7 12. Qc2 Nbd7 13. Nd2 O-O 14. O-O-O Bxd3
15. Qxd3 b5 16. g4 a5 17. h4 b4 18. c4 a4 19. c5 axb3 20. axb3 Ra2 21. Kb1 Rfa8
22. Nc1 R2a7 23. h5 h6 24. Rdf1 Nh7 25. f4 f6 26. Qe3 Ndf8 27. Re1 Qd7 28. Rhg1
Bd8 29. Nf3 Qf7 30. Qd3 Re7 31. Nh4 Bc7 32. Ng6 Rxe1 33. Rxe1 Re8 34. Rxe8 Qxe8
35. Ne2 Qe4 36. Qxe4 dxe4 37. Ne7+ Kf7 38. Nxc6 Ne6 39. Bc1 f5 40. gxf5 Nf6 41.
fxe6+ Kxe6 42. Nxb4 Nxh5 43. d5+ Kf5 44. d6 Bd8 45. Nd4+ 1-0

[Event "OPEN INER 2022"]
[Site "salle des fÃªtes de Saint Denis"]
[Date "2022.10.13"]
[Round "1.9"]
[White "De Peindray D'Ambell, Philippe"]
[Black "Lam Kin Cheung, Stephane"]
[Result "1-0"]
[WhiteElo "1788"]
[BlackElo "1199"]
[PlyCount "65"]
[EventDate "2022.??.??"]
[WhiteTeam "Maison des Jeunes et de la Culture de St Beno"]

1. e4 e6 2. d4 d5 3. Nc3 dxe4 4. Nxe4 Bd7 5. Nf3 Bc6 6. Bd3 Nd7 7. Qe2 Ngf6 8.
Bg5 Be7 9. Bxf6 Nxf6 10. Nxf6+ Bxf6 11. c3 Bxf3 12. Qxf3 c6 13. O-O O-O 14. a4
a5 15. Rfe1 g6 16. g3 Bg7 17. h4 Qc7 18. h5 Rac8 19. Kg2 Rfd8 20. Bc2 e5 21.
dxe5 Bxe5 22. Re2 Rd7 23. Rae1 Bg7 24. Re8+ Bf8 25. hxg6 hxg6 26. Bxg6 Rxe8 27.
Rxe8 Kg7 28. Bb1 Rd8 29. Qg4+ Kf6 30. Qf5+ Kg7 31. Qg5+ Kh8 32. Qh6+ Kg8 33.
Qh7# 1-0

[Event "OPEN INER 2022"]
[Site "salle des fÃªtes de Saint Denis"]
[Date "2022.10.13"]
[Round "1.11"]
[White "Fondrat, Johan"]
[Black "Lebihan, Mahe"]
[Result "1-0"]
[WhiteElo "1742"]
[BlackElo "1199"]
[PlyCount "59"]
[EventDate "2022.??.??"]
[WhiteTeam "Club d'Echecs Labourdonnais"]
[BlackTeam "Maison des Jeunes et de la Culture de St Beno"]

1. e4 d5 2. exd5 Qxd5 3. d4 Nc6 4. Be3 Bf5 5. Nf3 e6 6. c3 Nf6 7. Nbd2 Be7 8.
Bc4 Qd6 9. O-O O-O 10. Re1 Rab8 11. a4 a6 12. a5 Rfd8 13. Bg5 Nd5 14. Bh4 Bg4
15. Bg3 Qd7 16. Bd3 Bg5 17. Bxh7+ Kh8 18. Bd3 Bxd2 19. Qxd2 Bxf3 20. gxf3 Nf6
21. Bh4 Qe7 22. Qf4 Na7 23. Re5 Kg8 24. Kh1 Kf8 25. Rg1 Rd5 26. Rxd5 exd5 27.
Qg5 Qe6 28. Qxg7+ Ke7 29. Bxf6+ Qxf6 30. Re1+ 1-0

[Event "OPEN INER 2022"]
[Site "salle des fÃªtes de Saint Denis"]
[Date "2022.10.13"]
[Round "1.12"]
[White "Boyer, Mathis"]
[Black "Desire, Michael"]
[Result "0-1"]
[WhiteElo "1190"]
[BlackElo "1670"]
[Annotator "Portable,LRE"]
[PlyCount "42"]
[EventDate "2022.??.??"]
[WhiteTeam "C.E. de L'Etang Sale"]
[BlackTeam "Echiquier de l'Ouest Saint-Paul"]

1. e4 c6 2. d4 d5 3. e5 Bf5 4. Be3 e6 5. a3 Nd7 6. Nd2 Ne7 7. Ngf3 h6 8. c4 c5
9. dxc5 Nc6 10. cxd5 exd5 11. b4 g5 12. Nb3 Ndxe5 13. Nbd4 Bg6 14. Bb5 Nxf3+
15. Qxf3 Rc8 16. O-O Bg7 17. Rfe1 (17. Rae1 O-O 18. Bxc6 bxc6 19. Rd1 Qd7 20.
Qg3 Rfe8 21. h3 Re4 22. Rfe1 Rce8 23. Nc2 Rc4 24. Nd4 Bxd4 25. Bxd4 Rxe1+ 26.
Rxe1 Rxd4 27. Qd6 Bf5 28. Re7 Qxd6 29. cxd6 Kf8 30. Rxa7 Ke8 31. Rc7 Bd7 32.
Rb7 Rd1+ 33. Kh2 Ra1 34. Rb8+ Bc8 35. Rxc8+ Kd7 36. Rc7+ Kxd6 37. Rxf7 d4 38.
Rf3 Ke5 39. Rd3 Ke4 40. Rd2 d3 41. g3 Kd4 42. f4 gxf4 43. Kg2 Ke3 44. Rf2 fxg3
45. Rf3+ Ke2 46. Kxg3 d2 47. Rf2+ Kd3 48. Rxd2+ Kxd2 49. Kg4 Rxa3 50. h4 Rb3
51. Kf5 Rxb4 52. h5 c5 53. Kg6 Rb6+ 54. Kf5 c4 55. Kg4 Rb5 56. Kh4 c3 57. Kg3
Rb4 58. Kf3 c2 59. Kf2 Rb3 60. Kg2 Re3 61. Kf2 Kd3) 17... O-O 18. Bxc6 bxc6 19.
Rad1 Qd7 20. Qg3 Rfe8 21. h3 Re4 0-1

[Event "OPEN INER 2022"]
[Site "salle des fÃªtes de Saint Denis"]
[Date "2022.10.13"]
[Round "1.13"]
[White "Dace, Jean Emeric"]
[Black "Cavillot-Delestage, Raphael"]
[Result "1/2-1/2"]
[WhiteElo "1649"]
[BlackElo "1155"]
[Annotator "Portable,LRE"]
[PlyCount "27"]
[EventDate "2022.??.??"]
[WhiteTeam "Echiquier du Lagon - EDL"]
[BlackTeam "Club Echiquier du Nord"]

1. Nf3 Nf6 2. g3 g6 3. b3 d5 4. Bb2 Bg7 5. Bg2 Bf5 6. d3 c6 7. Nbd2 O-O 8. c4
Qb6 (8... Qd6 9. O-O Nbd7 10. a3 a5 11. h3 Rfe8 12. g4 Be6 13. Ng5) 9. O-O Nbd7
10. a3 a5 11. h3 Rfe8 12. g4 Be6 13. Ng5 Nc5 (13... c5 14. Nxe6 Qxe6 15. g5 Nh5
16. Bxg7 Kxg7 17. cxd5 Qf5 18. e4 Qxg5 19. Nf3 Qf6 20. d4 cxd4 21. Qxd4 Qxd4
22. Nxd4 Nf4 23. Bh1 Nxh3+ 24. Kh2 Nf4 25. Rac1 Rac8 26. Rfd1 Ne5 27. Kg3 Nfd3
28. Rxc8 Rxc8 29. f4 Nb2 30. Rd2 Ned3 31. Rc2 Rxc2 32. Nxc2 Nc5 33. Nd4 Nbd3
34. e5 f6 35. exf6+ Kxf6 36. Kf3 e5 37. dxe6 Nxe6 38. Nxe6 Kxe6 39. Ke3 Nc5 40.
b4 axb4 41. axb4 Na6 42. b5 Nc5 43. b6 Nd7 44. Bxb7 Nxb6 45. Be4 Nd5+ 46. Kf3
Ne7 47. Kg4 h6 48. Bxg6 Nxg6 49. Kh5 Nxf4+ 50. Kxh6) 14. Nxe6 1/2-1/2

[Event "OPEN INER 2022"]
[Site "salle des fÃªtes de Saint Denis"]
[Date "2022.10.13"]
[Round "1.14"]
[White "Gauthier, Keanu"]
[Black "Sawmynaden, Vicken"]
[Result "0-1"]
[WhiteElo "1099"]
[BlackElo "1644"]
[Annotator "Portable,LRE"]
[PlyCount "74"]
[EventDate "2022.??.??"]
[WhiteTeam "Echiquier de l'Ouest Saint-Paul"]
[BlackTeam "b4 Chess Club"]

1. d4 d5 2. c4 e6 3. Nc3 Nf6 4. Nf3 Nc6 5. e3 Bb4 6. Bd2 Bd7 7. a3 Bxc3 8. Bxc3
Ne4 9. Qc2 Nxc3 10. Qxc3 Qf6 11. Bd3 O-O 12. Qc2 h6 13. O-O Rac8 14. b3 dxc4
15. bxc4 e5 16. d5 Nb8 17. Rad1 (17. Rfd1 Rfe8 18. Be4 Na6 19. c5 b6 20. c6 Bg4
21. h3 Bh5 22. g4 Bg6 23. Bxg6 Qxf3 24. Bf5 Rcd8 25. Bd7 Qxh3 26. Bxe8 Qxg4+
27. Kf1 Rxe8 28. d6 Qh3+ 29. Ke2 Qg4+ 30. Kf1 cxd6 31. Rxd6 Nc5 32. c7 Qc8 33.
Rc6 Re7 34. Rd1 Rxc7 35. Rxc7 Qxc7 36. Qd2 Ne6 37. Rc1 Qb7 38. Qc2 Qa6+ 39. Kg2
Qxa3 40. Qc8+ Qf8 41. Qxf8+ Kxf8 42. Rc8+ Ke7 43. Kf1 Kd7 44. Rc2 Nc5 45. Ke2
e4 46. Kd2 (46. Rd2+ Nd3 47. f3 f5 48. fxe4 fxe4 49. Rd1 a5 50. Rb1 Kc6 51. Kd2
a4 52. Kc2 b5 53. Rg1 b4 54. Rg6+ Kd5 55. Rxg7 b3+ 56. Kb1 a3 57. Rd7+ Kc6 58.
Rh7 Kc5 59. Rxh6 Kc4 60. Rh5 (60. Rh4 b2 61. Rxe4+ Kb3 62. Ra4 Kxa4 63. Ka2
Nc1+ 64. Kb1 Kb3 65. e4 a2#) 60... b2) 46... Nd3 47. f3 f5 48. fxe4 fxe4 49.
Kd1 a5) 17... Rfe8 18. Be4 Na6 19. c5 b6 20. c6 Bg4 21. h3 Bh5 22. g4 Bg6 23.
Bxg6 Qxf3 24. Bf5 Rcd8 25. Bd7 Qxh3 26. Bxe8 Qxg4+ 27. Kh1 Rxe8 28. d6 Qh3+ 29.
Kg1 Qg4+ 30. Kh1 (30. Kh2 cxd6 31. Rxd6 Nc5 32. c7 Qc8 33. Rc6 Re7 34. Rd1 Rxc7
35. Rxc7 Qxc7 36. Qd2 Ne6 37. Rc1 Qb7 38. Qc2) 30... cxd6 31. Rxd6 Nc5 32. c7
Qc8 33. Rc6 Re7 34. Rd1 Rxc7 35. Rxc7 Qxc7 36. Qd2 Ne6 37. Rc1 Qb7+ 0-1

[Event "OPEN INER 2022"]
[Site "salle des fÃªtes de Saint Denis"]
[Date "2022.10.13"]
[Round "1.15"]
[White "Francou, Yvon"]
[Black "Khantalina, Ilariya"]
[Result "1-0"]
[WhiteElo "1639"]
[BlackElo "1099"]
[PlyCount "69"]
[EventDate "2022.??.??"]
[WhiteTeam "Club Echiquier du Nord"]
[BlackTeam "Club Echiquier du Nord"]

1. d4 d5 2. c4 e6 3. Nf3 c6 4. e3 Nf6 5. Nc3 dxc4 6. Bxc4 b5 7. Bd3 Be7 8. O-O
O-O 9. Qc2 h6 10. Bd2 Bb7 11. Ne4 a6 12. a3 Nbd7 13. Rfd1 Rc8 14. Nc3 c5 15.
Qb1 cxd4 16. Nxd4 Ne5 17. Be2 Nc4 18. Be1 Qd5 19. Bf3 Qd7 20. Nxe6 Qxe6 21.
Bxb7 Rc7 22. Bf3 Bc5 23. Nd5 Nxd5 24. Bxd5 Qe5 25. Bc3 Qg5 26. Bxc4 bxc4 27.
Qe4 Be7 28. Rd5 Qg6 29. Qf4 Rcc8 30. Rad1 Bg5 31. Qg3 Qh5 32. f4 Rcd8 33. Rxd8
Rxd8 34. Rxd8+ Bxd8 35. Qxg7# 1-0

[Event "OPEN INER 2022"]
[Site "salle des fÃªtes de Saint Denis"]
[Date "2022.10.13"]
[Round "1.16"]
[White "Naquin, Miguel"]
[Black "Bah, Ismael"]
[Result "0-1"]
[WhiteElo "1099"]
[BlackElo "1588"]
[PlyCount "78"]
[EventDate "2022.??.??"]
[WhiteTeam "Club Echiquier du Nord"]
[BlackTeam "Echiquier Beauvaisien"]

1. d4 Nf6 2. c4 d6 3. Nc3 g6 4. Nf3 Bg7 5. Bf4 O-O 6. e3 Nc6 7. d5 Nb8 8. Bd3
c6 9. Bg5 Nbd7 10. Bxf6 Nxf6 11. O-O Bd7 12. h3 Rc8 13. b3 cxd5 14. Rc1 dxc4
15. Bxc4 a6 16. Re1 Qa5 17. a4 b5 18. axb5 axb5 19. Bd3 Rxc3 20. Rxc3 Qxc3 21.
h4 Rc8 22. e4 Ng4 23. Qe2 b4 24. Nh2 Nxh2 25. Kxh2 Qxb3 26. Rb1 Qc3 27. Qd1 Bh6
28. Rb3 Qd2 29. Qf3 Qf4+ 30. Qxf4 Bxf4+ 31. g3 Bd2 32. Kg2 Rb8 33. Bc4 Be6 34.
Bxe6 fxe6 35. Kf3 Bc3 36. g4 Ra8 37. Kf4 Ra2 38. Rb1 Rxf2+ 39. Kg5 Bd2# 0-1

[Event "OPEN INER 2022"]
[Site "salle des fÃªtes de Saint Denis"]
[Date "2022.10.13"]
[Round "1.17"]
[White "Frelicot, Eric"]
[Black "Giraud, Marius"]
[Result "1-0"]
[WhiteElo "1560"]
[BlackElo "1063"]
[Annotator "Portable,LRE"]
[PlyCount "32"]
[EventDate "2022.??.??"]
[WhiteTeam "Club Echiquier du Nord"]
[BlackTeam "Club Echiquier du Nord"]

1. d4 d5 2. Bf4 Nc6 3. Nf3 Nf6 4. e3 Bf5 5. c3 e6 6. Nbd2 Bd6 7. Ne5 O-O 8.
Ndf3 Qe7 9. Nxc6 bxc6 10. Ne5 Qe8 11. Bd3 Bxd3 12. Nxd3 (12. Qxd3 Ne4 13. f3
Nf6 14. O-O Rb8 15. b3 Rd8 16. Bg5 Qe7 17. Nxc6 Qd7 18. Nxd8 Qxd8 19. e4 Be7
20. e5 Nh5 21. Bxe7 Qxe7 22. f4 Qh4 23. Qh3 Qxh3 24. gxh3 f5 25. Kg2 Rf7 26. h4
h6 27. Kf3 g6 28. Rg1 Rg7 29. Rg2 Kh7 30. c4 c6 31. c5 a5 32. Rag1 Rg8 33. a3
Rg7 34. Rb2 Rg8 35. b4 axb4 36. Rxb4 Ra8 37. a4 Ng7 38. Ra1 Ne8 39. Rb6 Nc7 40.
Rb7 Rc8 41. Rab1 Kg8 42. Rb8 Rxb8 43. Rxb8+ Kg7 44. Rb7 Kf7 45. Rxc7+ Ke8 46.
Rh7) 12... Ne4 13. f3 Nf6 14. O-O Rb8 15. b3 Rd8 16. Bg5 Qe7 1-0

[Event "OPEN INER 2022"]
[Site "salle des fÃªtes de Saint Denis"]
[Date "2022.10.13"]
[Round "1.18"]
[White "Giraud, Dimitri"]
[Black "Lee Luen Mang, Stefan"]
[Result "0-1"]
[WhiteElo "1054"]
[BlackElo "1557"]
[PlyCount "52"]
[EventDate "2022.??.??"]
[WhiteTeam "Club Echiquier du Nord"]
[BlackTeam "b4 Chess Club"]

1. e4 e5 2. Nf3 Nc6 3. Bc4 Bc5 4. Nc3 d6 5. d3 Bg4 6. h3 Bh5 7. Be3 Nf6 8. Bg5
h6 9. Bxf6 Qxf6 10. Nd5 Qd8 11. c3 Ne7 12. Qa4+ c6 13. Bb5 O-O 14. Nxe7+ Qxe7
15. Bxc6 bxc6 16. Qxc6 Bxf3 17. gxf3 Qh4 18. d4 exd4 19. cxd4 Bxd4 20. Qc2 Rab8
21. Rb1 Rfc8 22. Qd3 Qxf2+ 23. Kd1 Rxb2 24. Re1 Rc3 25. Rxb2 Rxd3+ 26. Kc1
Qxb2# 0-1

[Event "OPEN INER 2022"]
[Site "salle des fÃªtes de Saint Denis"]
[Date "2022.10.13"]
[Round "1.19"]
[White "Folio, Pierre"]
[Black "Molines, Martin"]
[Result "1-0"]
[WhiteElo "1432"]
[BlackElo "1037"]
[PlyCount "49"]
[EventDate "2022.??.??"]
[WhiteTeam "La Tour Saint Pierroise"]
[BlackTeam "Club Echiquier du Nord"]

1. e4 e5 2. Bc4 Nc6 3. Nf3 Bc5 4. c3 Nf6 5. d4 exd4 6. cxd4 Bb4+ 7. Nc3 Nxe4 8.
O-O Nxc3 9. bxc3 Bxc3 10. Qb3 O-O 11. Qxc3 d5 12. Bb5 Bd7 13. Ba3 Re8 14. Rfe1
a6 15. Rxe8+ Bxe8 16. Bxc6 Bxc6 17. Ne5 Bb5 18. Re1 c6 19. h3 Qc7 20. Ng4 Qd7
21. Qf3 f6 22. Re7 Qc8 23. Rxg7+ Kxg7 24. Qxf6+ Kg8 25. Nh6# 1-0

[Event "OPEN INER 2022"]
[Site "salle des fÃªtes de Saint Denis"]
[Date "2022.10.13"]
[Round "1.20"]
[White "Lai-Cheung-Kit, Guillaume"]
[Black "Folio, Thomas"]
[Result "0-1"]
[WhiteElo "1011"]
[BlackElo "1431"]
[Annotator "Portable,LRE"]
[PlyCount "93"]
[EventDate "2022.??.??"]
[WhiteTeam "Club Echiquier du Nord"]
[BlackTeam "La Tour Saint Pierroise"]

1. e4 c5 2. Nf3 Nc6 3. d4 cxd4 4. Nxd4 Nf6 5. Nc3 d6 6. Bb5 Bd7 7. Be3 g6 8.
O-O Bg7 9. Qd2 O-O 10. Bh6 Bxh6 11. Nxc6 Bxd2 12. Nxd8 Bxc3 13. bxc3 Bxb5 14.
Rfb1 Rfxd8 15. Rxb5 b6 16. f3 Rac8 17. Rb3 Rc4 18. Rd1 Rdc8 19. Rd3 Nd7 20. Re3
Nc5 21. Ra3 Ra4 22. c4 Rxa3 23. Rxa3 a5 24. Kf2 Nd7 25. Rc3 Ne5 26. Ke2 Rxc4
27. Rxc4 Nxc4 28. Kd3 b5 29. Kd4 Nb6 30. e5 Kf8 31. exd6 exd6 32. Ke4 Ke7 33.
g4 Ke6 34. f4 d5+ 35. Kd4 Na4 36. h4 f5 37. g5 Kd6 38. a3 Nb2 39. Kc3 Nc4 40.
Kb3 Kc5 41. c3 Nxa3 42. Kxa3 Kc4 43. Kb2 a4 44. Kb1 (44. Kc2 a3 45. Kb1 Kxc3
46. h5 d4 47. hxg6 hxg6 48. Kc1 a2 49. Kd1 Kd3 50. Ke1 a1=Q+ 51. Kf2 Ke4 52.
Kg3 Qg1+ 53. Kh3 Kxf4 54. Kh4 Qg4#) 44... Kxc3 45. h5 d4 46. hxg6 hxg6 47. Kc1
0-1

[Event "OPEN INER 2022"]
[Site "salle des fÃªtes de Saint Denis"]
[Date "2022.10.13"]
[Round "1.21"]
[White "Rosamel, Manua"]
[Black "Cavillot-Delestage, Honore"]
[Result "1-0"]
[WhiteElo "1319"]
[BlackElo "1009"]
[PlyCount "73"]
[EventDate "2022.??.??"]
[WhiteTeam "Echiquier du Lagon - EDL"]
[BlackTeam "Club Echiquier du Nord"]

1. a3 e5 2. b4 Nf6 3. Bb2 Nc6 4. b5 Na5 5. Bxe5 Bc5 6. d3 O-O 7. e4 d6 8. Bg3
b6 9. d4 Nxe4 10. dxc5 Nxc5 11. Nf3 Re8+ 12. Be2 Bb7 13. O-O Qd7 14. a4 Rad8
15. Nbd2 h6 16. Nb3 Ncxb3 17. cxb3 Nxb3 18. Ra3 Na5 19. Qc2 d5 20. Ne5 Qe6 21.
Bg4 Qf6 22. Rf3 Qe7 23. Rxf7 Qd6 24. Nc6 Bxc6 25. Bxd6 Rxd6 26. Rxc7 Ba8 27.
Rc8 Rdd8 28. Qg6 Bb7 29. Be6+ Kh8 30. Qxe8+ Rxe8 31. Rxe8+ Kh7 32. Bf5+ g6 33.
Re7+ Kg8 34. Bxg6 Kf8 35. Rh7 Kg8 36. Re1 Kf8 37. Re8# 1-0

[Event "OPEN INER 2022"]
[Site "salle des fÃªtes de Saint Denis"]
[Date "2022.10.13"]
[Round "1.22"]
[White "Khantalin, Irakliy"]
[Black "Vadon Ramalanjaona, Mateotia"]
[Result "0-1"]
[WhiteElo "1009"]
[BlackElo "1314"]
[Annotator "Portable,LRE"]
[PlyCount "42"]
[EventDate "2022.??.??"]
[WhiteTeam "Club Echiquier du Nord"]
[BlackTeam "Echiquier de l'Ouest Saint-Paul"]

1. e4 d5 2. exd5 Nf6 3. Bc4 Nxd5 4. Nf3 Bg4 5. h3 Bh5 6. d4 e6 7. Be3 Nxe3 8.
fxe3 Bd6 9. Nc3 Bg3+ 10. Kd2 c6 11. Qe2 b5 12. Bb3 a5 13. Nxb5 a4 14. Bxa4 Rxa4
15. Nc3 Rb4 16. b3 O-O 17. Rhd1 (17. Rad1 c5 18. Kc1 cxd4 19. exd4 Bf4+ 20. Kb2
Bxf3 21. Qxf3 Rxd4 22. Rhf1 Rxd1 23. Nxd1 Qf6+ 24. Kb1 Be5 25. Qxf6 Bxf6 26. g3
Nc6 27. a4 Rd8 28. Nf2 Rd2 29. Nd3 Rg2 30. c3 Rxg3 31. b4 Rxd3) 17... c5 18.
Kc1 cxd4 19. exd4 Bf4+ 20. Kb2 Bxf3 21. Qxf3 Rxd4 0-1

[Event "OPEN INER 2022"]
[Site "salle des fÃªtes de Saint Denis"]
[Date "2022.10.13"]
[Round "1.23"]
[White "Folio, Raphael"]
[Black "Khantalin, Serafim"]
[Result "1-0"]
[WhiteElo "1277"]
[BlackElo "1009"]
[PlyCount "31"]
[EventDate "2022.??.??"]
[WhiteTeam "La Tour Saint Pierroise"]
[BlackTeam "Club Echiquier du Nord"]

1. d4 d5 2. Nf3 Nc6 3. e3 Bg4 4. Be2 Nf6 5. b3 e6 6. O-O Nb4 7. a3 Nc6 8. Bb2
Ne4 9. Nbd2 Nxd2 10. Qxd2 Bd6 11. c4 dxc4 12. bxc4 O-O 13. c5 Be7 14. Qc3 b6
15. d5 Bxc5 16. Qxg7# 1-0

[Event "OPEN INER 2022"]
[Site "salle des fÃªtes de Saint Deni"]
[Date "2022.10.13"]
[Round "2.1"]
[White "Sawmynaden, Vicken"]
[Black "Lutard, Florian"]
[Result "0-1"]
[WhiteElo "1644"]
[BlackElo "2045"]
[Annotator "Portable,LRE"]
[PlyCount "40"]
[EventDate "2022.??.??"]
[WhiteTeam "b4 Chess Club"]
[BlackTeam "La Tour Saint Pierroise"]

1. d4 Nf6 2. Nd2 d5 3. e3 c5 4. Ngf3 Nc6 5. Be2 Bg4 6. b3 e6 7. Bb2 Bd6 8. c4
cxd4 9. Nxd4 Bxe2 10. Qxe2 Nxd4 11. exd4 O-O 12. O-O Rc8 13. Nf3 Ne4 14. Ne5
Qh4 15. Rac1 f6 16. Qg4 Qxg4 17. Nxg4 dxc4 18. f3 Nd2 19. Rfd1 Bf4 20. Rc3 (20.
Rc2 cxb3 21. Rcxd2 Bxd2 22. Rxd2 bxa2 (22... Rc1+ 23. Kf2 Rd8 24. Ne3) 23. Kf2
Rc1 24. Ne3 (24. Re2 Rfc8 25. Ne3 a1=Q 26. Bxa1 Rxa1 27. Ng4 Kf7 28. Kg3 Rd1
29. Nf2 Rxd4 30. Ra2 a6 31. Ne4 Rc6 32. Kf2 b5 33. h3 b4 34. Nd2 Rcd6 35. Ne4
Rb6 36. Rc2 b3 37. Rc7+ Kg6 38. h4 Rxe4) 24... a1=Q 25. Bxa1 Rxa1 26. Ng4 Kf7
27. Kg3 Rc1) 20... cxb3 0-1